[Event "VI Open A"]
[Site "Viterbo ITA"]
[Date "2009.05.30"]
[Round "1"]
[White "Proietti, Tosca"]
[Black "Vuelban, Virgilio"]
[Result "0-1"]
[WhiteElo "1878"]
[BlackElo "2422"]
[PlyCount "52"]
[EventDate "2009.05.30"]

1. e4 c5 2. Nc3 Nc6 3. Bc4 Nf6 4. d3 d6 5. Nge2 e6 6. Bg5 Be7 7. Qd2 a6 8. a4
h6 9. Bxf6 Bxf6 10. O-O Rb8 11. Ng3 Nd4 12. Nh5 b5 13. Nxf6+ Qxf6 14. axb5 axb5
15. Bb3 O-O 16. f4 Bb7 17. Ra7 b4 18. Nd1 d5 19. Qe3 Rfc8 20. Rxb7 Rxb7 21.
exd5 Nxb3 22. cxb3 exd5 23. Qh3 Re8 24. Kh1 Rbe7 25. Qf3 Qd4 26. f5 Re1 0-1

[Event "VI Open A"]
[Site "Viterbo ITA"]
[Date "2009.05.30"]
[Round "1"]
[White "Rampini, Carlo"]
[Black "Cannada Bartoli, Vincenzo"]
[Result "1/2-1/2"]
[WhiteElo "1788"]
[BlackElo "2006"]
[PlyCount "85"]
[EventDate "2009.05.30"]

1. e4 e6 2. d4 d5 3. Nc3 Bb4 4. e5 c5 5. a3 cxd4 6. Qxd4 Nc6 7. Bb5 Ba5 8. Nf3
Bd7 9. Qg4 Nxe5 10. Bxd7+ Nxd7 11. b4 Qf6 12. O-O h5 13. Qg3 Qxc3 14. Bd2 Qf6
15. bxa5 Rc8 16. Be3 Ne7 17. Bxa7 Rc4 18. Rab1 Nf5 19. Qh3 g5 20. Nd2 Rc3 21.
g3 g4 22. Qg2 Rxc2 23. Rfd1 h4 24. Rxb7 hxg3 25. hxg3 Rxd2 26. Rc1 Nd6 27. Rb4
Ra2 28. Bd4 Qh6 29. Be3 Qg6 30. Bf4 Rc2 31. Re1 Ne4 32. a6 e5 33. a7 O-O 34.
Be3 d4 35. Bxd4 exd4 36. Qxe4 Qxe4 37. Rxe4 Rc7 38. Rxg4+ Kh7 39. Ra4 Nb6 40.
Ra6 Rb7 41. Rh4+ Kg8 42. Rg4+ Kh7 43. Rh4+ 1/2-1/2

[Event "VI Open A"]
[Site "Viterbo ITA"]
[Date "2009.05.30"]
[Round "1"]
[White "Tognotti, Andrea"]
[Black "Giuliani, Sante"]
[Result "0-1"]
[WhiteElo "1613"]
[BlackElo "1957"]
[PlyCount "60"]
[EventDate "2009.05.30"]

1. c4 c5 2. Nc3 Nc6 3. Nf3 g6 4. g3 Bg7 5. Bg2 e6 6. O-O Nge7 7. d3 d5 8. cxd5
exd5 9. Rb1 O-O 10. Bf4 a6 11. Qc1 Bf5 12. Rd1 Qa5 13. Bh6 Rfe8 14. Bxg7 Kxg7
15. a3 Rac8 16. Nd2 Be6 17. Nb3 Qb6 18. Qc2 d4 19. Nxd4 cxd4 20. Na4 Qb3 21.
Qxb3 Bxb3 22. Nc5 Bxd1 23. Rxd1 Nd8 24. Nxb7 Nxb7 25. Bxb7 Rb8 26. Bxa6 Rxb2
27. a4 Rxe2 28. Bb5 Rc8 29. a5 Rc5 30. Rb1 Ree5 0-1

[Event "VI Open A"]
[Site "Viterbo ITA"]
[Date "2009.05.30"]
[Round "1"]
[White "Tortolini, Francesco"]
[Black "Gerardi, Saverio"]
[Result "0-1"]
[WhiteElo "1855"]
[BlackElo "2187"]
[PlyCount "98"]
[EventDate "2009.05.30"]

1. e4 c5 2. Nf3 e6 3. d4 cxd4 4. Nxd4 Nc6 5. Nc3 Qc7 6. Be3 a6 7. Be2 b5 8. a3
Bb7 9. O-O Nf6 10. f4 Bc5 11. e5 Qb6 12. Bf3 Bxd4 13. Bxd4 Nxd4 14. Bxb7 Nf5+
15. Rf2 Qxb7 16. exf6 gxf6 17. Qd3 Ke7 18. Re1 Nd6 19. Nd5+ Kd8 20. Nxf6 Qb6
21. Kf1 Kc7 22. Rd2 Rad8 23. Red1 Nc4 24. Qc3 d5 25. b3 Qe3 26. Rd3 d4 27. Qb4
Qxf4+ 28. Rf3 Ne3+ 29. Kg1 Qd6 30. Qa5+ Qb6 31. Qxb6+ Kxb6 32. Rd2 e5 33. Nxh7
Rxh7 34. Rxe3 dxe3 35. Rxd8 e2 36. Kf2 Rxh2 37. Rg8 Kc5 38. Kxe2 Kd4 39. Kd2 f5
40. c3+ Ke4 41. Ke2 f4 42. Kf1 Rh1+ 43. Ke2 Ra1 44. c4 Rxa3 45. Ra8 Rxb3 46.
Rxa6 bxc4 47. Ra4 Rb2+ 48. Kf1 Ke3 49. Kg1 c3 0-1

[Event "VI Open A"]
[Site "Viterbo ITA"]
[Date "2009.05.30"]
[Round "1"]
[White "Trifoglio, Giovanni"]
[Black "Porcacchia, Giovanni"]
[Result "1-0"]
[WhiteElo "1953"]
[BlackElo "1599"]
[PlyCount "49"]
[EventDate "2009.05.30"]

1. e4 e6 2. d4 d5 3. e5 c5 4. c3 Nc6 5. Nf3 Qb6 6. Bd3 cxd4 7. cxd4 Bd7 8. O-O
Nxd4 9. Nbd2 Nxf3+ 10. Nxf3 Ne7 11. Be3 Qd8 12. Bc5 Bc6 13. Rc1 Rc8 14. b4 Qd7
15. Nd4 Ng6 16. Bxf8 Rxf8 17. b5 Nxe5 18. bxc6 bxc6 19. Bc2 Nc4 20. Ba4 Nb2 21.
Qb3 Nxa4 22. Qxa4 c5 23. Qa6 c4 24. Rb1 Qc7 25. Nb5 1-0

[Event "VI Open A"]
[Site "Viterbo ITA"]
[Date "2009.05.31"]
[Round "2"]
[White "Antoniacci, Riccardo"]
[Black "Maggi, Fabrizio"]
[Result "0-1"]
[WhiteElo "1921"]
[BlackElo "2053"]
[PlyCount "74"]
[EventDate "2009.05.30"]

1. e4 e6 2. b3 d5 3. Bb2 c5 4. g3 Nc6 5. Bg2 Nf6 6. e5 Nd7 7. f4 Be7 8. Nc3 h5
9. Nf3 h4 10. Qe2 a6 11. Bh3 Qc7 12. g4 Nd4 13. Qd1 g5 14. Nxd4 cxd4 15. Ne2 d3
16. cxd3 Nc5 17. Nc1 gxf4 18. d4 Ne4 19. Nd3 Bg5 20. O-O f3 21. Rc1 Qb6 22. Rc2
Be7 23. Qxf3 Ng5 24. Qe3 Bd7 25. Rfc1 Rg8 26. Nf4 Nxh3+ 27. Qxh3 f5 28. exf6
Bxf6 29. Rc5 Qb4 30. Qe3 Rxg4+ 31. Kh1 Bg5 32. Rf1 b6 33. Rc7 Qd6 34. Rxd7 Kxd7
35. Ba3 Bxf4 36. Qh3 Qxa3 37. Qxg4 Bd6 0-1

[Event "VI Open A"]
[Site "Viterbo ITA"]
[Date "2009.05.31"]
[Round "2"]
[White "Benincasa, Marco"]
[Black "Rampini, Carlo"]
[Result "0-1"]
[WhiteElo "1981"]
[BlackElo "1788"]
[PlyCount "78"]
[EventDate "2009.05.30"]

1. e4 e5 2. Nf3 Nc6 3. d4 exd4 4. Nxd4 Nf6 5. Nxc6 bxc6 6. Bd3 Bc5 7. O-O O-O
8. Nd2 d6 9. Qf3 Ng4 10. Nc4 Be6 11. h3 Bxc4 12. hxg4 Be6 13. g5 Rb8 14. b3 Bd4
15. Rb1 Be5 16. Qh5 f6 17. g6 hxg6 18. Qxg6 Qe8 19. Qxe8 Rbxe8 20. Be3 c5 21.
f4 Bd4 22. Rbe1 f5 23. Bxd4 cxd4 24. exf5 Bd5 25. Kf2 Kf7 26. g4 Rh8 27. Rxe8
Rh2+ 28. Kg3 Rg2+ 29. Kh3 Kxe8 30. Re1+ Kf8 31. Re2 Rg1 32. Be4 Bf7 33. g5 Ra1
34. Bc6 Rxa2 35. g6 d3 36. Re3 dxc2 37. Rc3 Bxb3 38. Rxb3 Ra3 39. Rxa3 c1=Q 0-1

[Event "VI Open A"]
[Site "Viterbo ITA"]
[Date "2009.05.31"]
[Round "2"]
[White "Biondi, Massimo"]
[Black "Blonna, Michele"]
[Result "1/2-1/2"]
[WhiteElo "1853"]
[BlackElo "2012"]
[PlyCount "189"]
[EventDate "2009.05.30"]

1. e4 c5 2. Nf3 d6 3. d4 cxd4 4. Nxd4 Nf6 5. Nc3 a6 6. Bg5 e6 7. f4 b5 8. Qf3
Bb7 9. Bd3 Nbd7 10. O-O-O Qb6 11. Nce2 Rc8 12. g4 Be7 13. Kb1 Nc5 14. Bxf6 Bxf6
15. g5 Bxd4 16. Nxd4 Na4 17. Nb3 O-O 18. f5 exf5 19. Qxf5 Rc4 20. Rhf1 g6 21.
Qf4 d5 22. Qe5 dxe4 23. Bxc4 bxc4 24. Rf6 Bc6 25. Qd6 Rc8 26. Rdf1 Rc7 27. Qd8+
Kg7 28. Qd4 Qxd4 29. Nxd4 Bb5 30. Re1 Nc5 31. Nxb5 axb5 32. Rb6 h6 33. h4 hxg5
34. hxg5 Re7 35. Rxb5 Re5 36. a4 Rxg5 37. a5 Rf5 38. b4 cxb3 39. cxb3 Na6 40.
Rxf5 gxf5 41. Kb2 Kf6 42. Kc3 Ke5 43. b4 Nc7 44. Kc4 f4 45. b5 f3 46. a6 f2 47.
Rf1 e3 48. Kd3 Kf4 49. a7 Kf3 50. b6 e2 51. Rxf2+ Kxf2 52. bxc7 e1=Q 53. a8=Q
Qd1+ 54. Kc3 Qc1+ 55. Kd3 Qxc7 56. Qh8 Qg3+ 57. Ke4 Qf3+ 58. Kd4 Qf4+ 59. Kd5
f5 60. Qb2+ Kf3 61. Qb3+ Qe3 62. Qd1+ Kg3 63. Kd6 f4 64. Qd5 f3 65. Qg8+ Kf2
66. Qa2+ Kf1 67. Qa1+ Kg2 68. Qg7+ Kf1 69. Qa1+ Kg2 70. Qa2+ f2 71. Qg8+ Kf1
72. Qc4+ Qe2 73. Qc1+ Kg2 74. Qg5+ Kf3 75. Qf5+ Ke3 76. Qg5+ Kd3 77. Qb5+ Kd2
78. Qb4+ Kc1 79. Qa3+ Qb2 80. Qc5+ Qc2 81. Qa3+ Kd2 82. Qa5+ Qc3 83. Qg5+ Ke2
84. Qh5+ Qf3 85. Qe5+ Kf1 86. Kd7 Qf7+ 87. Kc8 Qg6 88. Qb5+ Kg1 89. Qc5 Qf7 90.
Qg5+ Kh2 91. Qh4+ Kg2 92. Qg4+ Kf1 93. Qd1+ Kg2 94. Qg4+ Kh1 95. Qh3+ 1/2-1/2

[Event "VI Open A"]
[Site "Viterbo ITA"]
[Date "2009.05.31"]
[Round "2"]
[White "Bondielli, Giorgio"]
[Black "Calavalle, Giulio"]
[Result "0-1"]
[WhiteElo "1918"]
[BlackElo "2235"]
[PlyCount "86"]
[EventDate "2009.05.30"]

1. e4 c5 2. d4 cxd4 3. c3 Nc6 4. Nf3 d6 5. Bc4 g6 6. Qb3 e6 7. Bg5 Nf6 8. O-O
Bg7 9. cxd4 h6 10. Bxf6 Qxf6 11. Nc3 O-O 12. Rad1 Qe7 13. Qa3 a6 14. Na4 Qc7
15. Be2 b5 16. Rc1 Qb7 17. Qxd6 bxa4 18. Qxc6 Qxc6 19. Rxc6 Bb7 20. Rc4 Bxe4
21. Rxa4 Rfc8 22. Nd2 Bd5 23. Bf3 Rc2 24. Bxd5 exd5 25. Nf3 Rxb2 26. Rc1 a5 27.
h3 Bf8 28. Ne5 Bb4 29. Nd3 Bd2 30. Nxb2 Bxc1 31. Nd3 Bd2 32. Nc5 Re8 33. Nb3
Bc3 34. Nc5 Re1+ 35. Kh2 Rd1 36. Nb3 Kg7 37. Nxa5 Bxd4 38. Kg3 Rd3+ 39. f3 Be5+
40. Kf2 Rd2+ 41. Kf1 Bg3 42. Nc6 Rf2+ 43. Kg1 Rc2 0-1

[Event "VI Open A"]
[Site "Viterbo ITA"]
[Date "2009.05.31"]
[Round "2"]
[White "Buratti, Marco"]
[Black "Maddaloni, Giovanni"]
[Result "1-0"]
[WhiteElo "2037"]
[BlackElo "1812"]
[PlyCount "67"]
[EventDate "2009.05.30"]

1. e4 c5 2. Nc3 Nc6 3. Bc4 e6 4. d3 g6 5. Nge2 Bg7 6. O-O Nge7 7. Bg5 O-O 8. f4
f6 9. Bh4 a6 10. a4 b6 11. f5 d5 12. Bb3 gxf5 13. exf5 e5 14. g4 Na5 15. Ba2
Bb7 16. Ng3 Rc8 17. Nh5 c4 18. Qd2 Nec6 19. dxc4 Nb4 20. cxd5 Nxa2 21. Rxa2 Rc4
22. Qe2 Rxc3 23. bxc3 Qxd5 24. Raa1 Qh1+ 25. Kf2 Qxh2+ 26. Ke1 Qxh4+ 27. Rf2
Qh3 28. Ra3 Rc8 29. Rh2 Bf3 30. Rxh3 Bxe2 31. Kxe2 Nc4 32. Ra1 b5 33. axb5 axb5
34. Ra7 1-0

[Event "VI Open A"]
[Site "Viterbo ITA"]
[Date "2009.05.31"]
[Round "2"]
[White "Cannada Bartoli, Vincenzo"]
[Black "Marini, Riccardo"]
[Result "1-0"]
[WhiteElo "2006"]
[BlackElo "1703"]
[PlyCount "69"]
[EventDate "2009.05.30"]

1. e4 c5 2. c4 Nc6 3. Nc3 g6 4. d3 Bg7 5. f4 e6 6. Nf3 Nge7 7. Be3 Nd4 8. Be2
O-O 9. O-O d6 10. Qd2 Bd7 11. Rab1 Nec6 12. g4 Nxf3+ 13. Rxf3 Nd4 14. Rh3 Rb8
15. Rf1 f5 16. Bd1 a6 17. Qe1 b5 18. g5 Kf7 19. cxb5 Bxb5 20. Nxb5 Rxb5 21.
Rxh7 Rh8 22. Rxh8 Qxh8 23. h3 Qxh3 24. Rf2 Rb7 25. Rg2 Rb8 26. Qg3 Rh8 27. Bf2
Ke7 28. Qxh3 Rxh3 29. Rg3 Rh8 30. Kg2 Nb5 31. exf5 exf5 32. Re3+ Kd7 33. Bf3
Bd4 34. Re2 Rh7 35. Bb7 {...} 1-0

[Event "VI Open A"]
[Site "Viterbo ITA"]
[Date "2009.05.31"]
[Round "2"]
[White "Faini, Ivano"]
[Black "De Blasio, Alessandro"]
[Result "0-1"]
[WhiteElo "1706"]
[BlackElo "2057"]
[PlyCount "122"]
[EventDate "2009.05.30"]

1. c4 e6 2. g3 d5 3. Bg2 Nf6 4. Qc2 c6 5. d3 d4 6. Bf4 Bb4+ 7. Bd2 Be7 8. Bg5
a5 9. b3 Na6 10. a3 Nc5 11. Nd2 h6 12. Bxf6 Bxf6 13. Ngf3 e5 14. O-O Bf5 15.
Rfb1 O-O 16. b4 axb4 17. axb4 Ne6 18. Ra4 Qe7 19. Qb3 Rxa4 20. Qxa4 Bg5 21. Qa7
Bxd2 22. Nxd2 Ng5 23. b5 cxb5 24. Rxb5 Nh3+ 25. Bxh3 Bxh3 26. Ne4 Bc8 27. c5 f5
28. Nd2 Qg5 29. Qa2+ Kh7 30. Rb1 e4 31. dxe4 fxe4 32. Nxe4 Qe5 33. f3 Bf5 34.
Rxb7 Bxe4 35. fxe4 Qxc5 36. Qd2 d3+ 37. e3 Rd8 38. Rb2 Qc4 39. Rb1 Qxe4 40. Rb4
Qc6 41. Rb2 Kh8 42. Ra2 Qe4 43. Ra3 Qf5 44. Ra4 Qc5 45. Ra2 Qc4 46. Rb2 Qe4 47.
Rb3 Qc4 48. Rb2 Ra8 49. Kf2 Qf7+ 50. Kg2 Qd5+ 51. Kf2 Qh1 52. Qb4 Qxh2+ 53. Kf3
Qh5+ 54. Ke4 Rd8 55. Qb6 Qg4+ 56. Ke5 Qg5+ 57. Ke4 d2 58. Rb5 Qg4+ 59. Ke5 Re8+
60. Kd6 d1=Q+ 61. Kc7 Qc8# 0-1

[Event "VI Open A"]
[Site "Viterbo ITA"]
[Date "2009.05.31"]
[Round "2"]
[White "Faini, Marco"]
[Black "De Caro, Nicola"]
[Result "1-0"]
[WhiteElo "1915"]
[BlackElo "1656"]
[PlyCount "72"]
[EventDate "2009.05.30"]

1. c4 g6 2. Nc3 Bg7 3. g3 c6 4. Bg2 Nf6 5. e4 d6 6. Nge2 O-O 7. O-O Nbd7 8. d3
e5 9. Rb1 a5 10. a3 Rb8 11. b4 axb4 12. axb4 b5 13. cxb5 cxb5 14. Ra1 Nb6 15.
Nxb5 d5 16. Na3 dxe4 17. dxe4 Qe7 18. b5 Rd8 19. Qe1 Bf8 20. Be3 Rd3 21. Nc2
Nc4 22. Rb1 Ng4 23. Nb4 Rxe3 24. fxe3 Ncxe3 25. Nd5 Qg5 26. Qc3 Nxg2 27. Kxg2
Qh5 28. h3 Ne3+ 29. Qxe3 Bxh3+ 30. Kg1 Bg7 31. Nf6+ Bxf6 32. Rxf6 Bg4 33. Nc3
Rc8 34. Rbf1 Be6 35. Nd5 Rc2 36. R1f2 Rc4 1-0

[Event "VI Open A"]
[Site "Viterbo ITA"]
[Date "2009.05.31"]
[Round "2"]
[White "Gerardi, Saverio"]
[Black "Trifoglio, Giovanni"]
[Result "1-0"]
[WhiteElo "2187"]
[BlackElo "1953"]
[PlyCount "68"]
[EventDate "2009.05.30"]

1. e4 c5 2. Nf3 e6 3. d4 cxd4 4. Nxd4 Nc6 5. Nc3 a6 6. Be3 Nge7 7. g3 Nxd4 8.
Qxd4 b5 9. Bg2 Nc6 10. Qd2 Bb7 11. f4 Na5 12. b3 Rc8 13. Ne2 Be7 14. O-O O-O
15. Rfd1 d6 16. a4 Nc6 17. axb5 axb5 18. c3 Qc7 19. Qd3 b4 20. Ra4 bxc3 21.
Nxc3 Ne5 22. fxe5 Qxc3 23. Rd4 Qxd3 24. R4xd3 Ba6 25. exd6 Bd8 26. d7 Rb8 27.
Rd6 Be2 28. R1d2 Bb5 29. Ba7 Rb7 30. Bc5 Rb8 31. R6d4 f6 32. Bxf8 Kxf8 33. Rd6
Ke7 34. Bh3 f5 1-0

[Event "VI Open A"]
[Site "Viterbo ITA"]
[Date "2009.05.31"]
[Round "2"]
[White "Giuliani, Sante"]
[Black "Collutiis, Duilio"]
[Result "0-1"]
[WhiteElo "1957"]
[BlackElo "2451"]
[PlyCount "48"]
[EventDate "2009.05.30"]

1. Nf3 g6 2. g3 Bg7 3. Bg2 c5 4. O-O Nc6 5. d3 e5 6. Nbd2 Nge7 7. e4 O-O 8. Re1
d6 9. h3 h6 10. a4 Be6 11. Nc4 Qd7 12. Kh2 f5 13. exf5 gxf5 14. Qe2 Ng6 15. c3
Rae8 16. Bd2 d5 17. Na3 e4 18. Ng1 Nge5 19. dxe4 fxe4 20. Rf1 Nf3+ 21. Bxf3
exf3 22. Qb5 Rf5 23. Rfe1 Ref8 24. Qxc5 d4 0-1

[Event "VI Open A"]
[Site "Viterbo ITA"]
[Date "2009.05.31"]
[Round "2"]
[White "Medori, Marco"]
[Black "Almadori, Giovanni"]
[Result "0-1"]
[WhiteElo "1965"]
[BlackElo "1401"]
[PlyCount "59"]
[EventDate "2009.05.30"]

1. d4 Nf6 2. Bf4 d6 3. e3 Bf5 4. Bd3 Bxd3 5. cxd3 Nbd7 6. Nc3 e5 7. dxe5 dxe5
8. Bg5 h6 9. Bxf6 Nxf6 10. Nf3 Bd6 11. O-O O-O 12. Rc1 a6 13. Qb3 Qd7 14. Rfd1
b5 15. Nd5 Nxd5 16. Qxd5 Rfe8 17. Nxe5 Qf5 18. d4 Kh7 19. Qf3 Qxf3 20. Nxf3
Rac8 21. Rc6 Re6 22. Rdc1 g5 23. d5 Rg6 24. e4 Re8 25. Re1 g4 26. Nh4 Rf6 27.
Nf5 Rxf5 28. Rxa6 Rxd5 29. f3 Rd2 30. b3 0-1

[Event "VI Open A"]
[Site "Viterbo ITA"]
[Date "2009.05.31"]
[Round "2"]
[White "Melissa, Raffaello"]
[Black "Maggi, Luigi"]
[Result "0-1"]
[WhiteElo "1616"]
[BlackElo "1876"]
[PlyCount "117"]
[EventDate "2009.05.30"]

1. e4 e6 2. d4 d5 3. e5 c5 4. c3 Qb6 5. Nf3 Nc6 6. Bd3 cxd4 7. cxd4 Bd7 8. O-O
Nxd4 9. Nxd4 Qxd4 10. Nc3 Qxe5 11. Re1 Qb8 12. Nxd5 Bd6 13. Qh5 Kf8 14. Nc3 Nf6
15. Qh4 h5 16. h3 Be7 17. Nb5 Ng4 18. Bg5 Qh2+ 19. Kf1 Nf6 20. Na3 Qd6 21. Rad1
Bc6 22. Bb1 Qb4 23. Nc4 Nd5 24. Bxe7+ Qxe7 25. Qd4 Qf6 26. Ne5 Rc8 27. Kg1 a6
28. Bc2 Rh6 29. Re4 Qe7 30. Ree1 Rf6 31. Bb3 Rf4 32. Qd2 Qb4 33. Qxb4+ Rxb4 34.
Rc1 Ne7 35. Red1 g6 36. Rc3 Kg7 37. Rdc1 Rd4 38. R3c2 Rcd8 39. Nxc6 Nxc6 40.
Re2 Rd2 41. Rc2 Rxc2 42. Rxc2 Rd1+ 43. Kh2 Nd4 44. Rc7 Nxb3 45. axb3 Rb1 46.
Rxb7 Rxb2 47. f3 h4 48. b4 Kf6 49. Rb6 Kf5 50. Rxa6 Rxb4 51. Ra5+ e5 52. Ra3
Kf4 53. Ra6 Kg5 54. Ra5 f6 55. Ra3 Rd4 56. Rb3 f5 57. Rb5 Kf4 58. Rb6 g5 59.
Rg6 0-1

[Event "VI Open A"]
[Site "Viterbo ITA"]
[Date "2009.05.31"]
[Round "2"]
[White "Passerotti, Pierluigi"]
[Black "Lisi, Sebastiano"]
[Result "1-0"]
[WhiteElo "2301"]
[BlackElo "1964"]
[PlyCount "51"]
[EventDate "2009.05.30"]

1. d4 d5 2. c4 c6 3. Nc3 Nf6 4. Nf3 e6 5. e3 Nbd7 6. Bd3 dxc4 7. Bxc4 b5 8. Bb3
a6 9. O-O Bb7 10. e4 c5 11. e5 c4 12. Bc2 b4 13. exf6 bxc3 14. fxg7 Bxg7 15.
bxc3 O-O 16. Re1 Qa5 17. Bd2 Nf6 18. Re5 Bd5 19. Qc1 Kh8 20. Rg5 Rg8 21. Ne5
Raf8 22. f3 Qd8 23. Kh1 Nd7 24. Rh5 Nf6 25. Bg5 Nxh5 26. Bxd8 1-0

[Event "VI Open A"]
[Site "Viterbo ITA"]
[Date "2009.05.31"]
[Round "2"]
[White "Pitrelli, Antonio"]
[Black "Calandri, Fausto"]
[Result "0-1"]
[WhiteElo "1802"]
[BlackElo "2149"]
[PlyCount "30"]
[EventDate "2009.05.30"]

1. d4 e6 2. c4 Nf6 3. Nf3 b6 4. g3 Bb7 5. Bg2 Be7 6. O-O O-O 7. Nc3 Ne4 8. Qc2
Nxc3 9. Qxc3 c5 10. Be3 Nc6 11. Rfd1 Qc7 12. Bf4 d6 13. dxc5 bxc5 14. Bg5 Nd4
15. Bxe7 Nxe2+ 0-1

[Event "VI Open A"]
[Site "Viterbo ITA"]
[Date "2009.05.31"]
[Round "2"]
[White "Pompili, Ugo"]
[Black "Caleffi, Cesare"]
[Result "0-1"]
[WhiteElo "1843"]
[BlackElo "2003"]
[PlyCount "144"]
[EventDate "2009.05.30"]

1. d4 d5 2. e3 Bf5 3. Bd3 Bxd3 4. cxd3 c6 5. f4 e6 6. Nf3 Nd7 7. O-O Ngf6 8.
Nc3 c5 9. Bd2 a6 10. Rb1 cxd4 11. exd4 Bd6 12. g3 O-O 13. Qe2 b5 14. a3 Qb6 15.
Kg2 a5 16. h3 b4 17. axb4 axb4 18. Nd1 Rfc8 19. Ne3 Qb5 20. Rfe1 b3 21. Bc3 Nb6
22. Ne5 Na4 23. Qd2 Nxc3 24. bxc3 Qb7 25. Kf3 Ra6 26. g4 g6 27. Nd1 Rb8 28. Nb2
Ra2 29. Rec1 Ba3 30. g5 Nd7 31. Ng4 Kg7 32. h4 Qc6 33. Ne5 Qd6 34. h5 Nb6 35.
hxg6 hxg6 36. Rh1 Rg8 37. Rh7+ Kf8 38. Rxf7+ Ke8 39. Qh2 Rf8 40. Qh7 Rxb2 41.
Qxg6 Rxf7 42. Qxf7+ Kd8 43. Rh1 Nd7 44. Nxd7 Qxd7 45. Rh8+ Kc7 46. Qg8 Kb6 47.
Rh7 Qd6 48. Qf7 Kb5 49. Qb7+ Qb6 50. Qxb6+ Kxb6 51. g6 Rb1 52. g7 Rg1 53. Rh6
Rxg7 54. Rxe6+ Kc7 55. Re1 Kd6 56. f5 Rh7 57. Kf4 Rh2 58. f6 Rf2+ 59. Kg5 Kd7
60. Kg6 b2 61. f7 Bf8 62. Rb1 Re2 63. c4 Ke6 64. c5 Rg2+ 65. Kh7 Kxf7 66. Rf1+
Ke8 67. Rb1 Kd7 68. Rf1 Kc6 69. Rf6+ Kb5 70. Rb6+ Ka4 71. c6 Bb4 72. c7 Rc2 0-1

[Event "VI Open A"]
[Site "Viterbo ITA"]
[Date "2009.05.31"]
[Round "2"]
[White "Porcacchia, Giovanni"]
[Black "Proietti, Tosca"]
[Result "0-1"]
[WhiteElo "1599"]
[BlackElo "1878"]
[PlyCount "36"]
[EventDate "2009.05.30"]

1. c4 Nf6 2. Nc3 g6 3. Nf3 Bg7 4. e4 d6 5. d4 O-O 6. Be2 e5 7. O-O exd4 8. Nxd4
Re8 9. f3 Nbd7 10. Bg5 c6 11. Qd2 Nb6 12. Nd1 Qe7 13. Nf2 d5 14. cxd5 cxd5 15.
Nb5 a6 16. Nc3 Qc5 17. Be3 Qd6 18. Qd4 Ng4 0-1

[Event "VI Open A"]
[Site "Viterbo ITA"]
[Date "2009.05.31"]
[Round "2"]
[White "Russi, Roberto"]
[Black "Isonzo, David"]
[Result "0-1"]
[WhiteElo "1946"]
[BlackElo "2367"]
[PlyCount "66"]
[EventDate "2009.05.30"]

1. c4 Nf6 2. Nc3 g6 3. g3 Bg7 4. Bg2 O-O 5. e4 d6 6. Nge2 c5 7. O-O Nc6 8. d3
a6 9. h3 Rb8 10. a4 Ne8 11. Be3 Nc7 12. f4 b5 13. axb5 axb5 14. e5 Bd7 15. cxb5
Nxb5 16. Nxb5 Rxb5 17. Qc2 dxe5 18. Bxc5 exf4 19. d4 fxg3 20. Qe4 Rxb2 21. Ra6
Qc8 22. Rfa1 Rxe2 23. Qxe2 Nxd4 24. Qxe7 Nf5 25. Qxf8+ Bxf8 26. Bxf8 Qxf8 27.
Ra8 Be8 28. Rxe8 Qxe8 29. Ra8 Qxa8 30. Bxa8 Ne3 31. Bf3 Kg7 32. Kh1 Kf6 33. Be2
Kg5 0-1

[Event "VI Open A"]
[Site "Viterbo ITA"]
[Date "2009.05.31"]
[Round "2"]
[White "Scali, Fausto"]
[Black "Bogosaljevic, Miodrag"]
[Result "1/2-1/2"]
[WhiteElo "1918"]
[BlackElo "2030"]
[PlyCount "58"]
[EventDate "2009.05.30"]

1. e4 c5 2. Nf3 d6 3. d4 cxd4 4. Nxd4 Nf6 5. Nc3 g6 6. Be2 Bg7 7. O-O O-O 8.
Be3 a6 9. a4 Nbd7 10. Nb3 Ne5 11. a5 Be6 12. Nd2 Rc8 13. f4 Nc4 14. Nxc4 Bxc4
15. Bd4 Re8 16. e5 Bxe2 17. Qxe2 dxe5 18. Bxe5 Rc5 19. Rfd1 Qc8 20. Rd2 Rd8 21.
Bd4 Rc7 22. Rad1 Rcd7 23. Bb6 Rxd2 24. Rxd2 Rxd2 25. Qxd2 Qd7 26. Qxd7 Nxd7 27.
Be3 f5 28. Na4 Kf7 29. b4 e5 1/2-1/2

[Event "VI Open A"]
[Site "Viterbo ITA"]
[Date "2009.05.31"]
[Round "2"]
[White "Stoja, Rocco"]
[Black "Tognotti, Andrea"]
[Result "1-0"]
[WhiteElo "1864"]
[BlackElo "1613"]
[PlyCount "41"]
[EventDate "2009.05.30"]

1. d4 d5 2. c4 c6 3. Nc3 Nf6 4. Nf3 e6 5. a3 Nbd7 6. c5 Qc7 7. Bg5 Be7 8. e3
O-O 9. Bf4 Qd8 10. h3 Re8 11. b4 Nh5 12. Bh2 g6 13. Be2 Bf6 14. Ne5 Nxe5 15.
dxe5 Bxe5 16. Bxe5 Qg5 17. Bd6 Qxg2 18. Bf3 Qg5 19. Bxh5 Qxh5 20. Qxh5 gxh5 21.
Rg1+ 1-0

[Event "VI Open A"]
[Site "Viterbo ITA"]
[Date "2009.05.31"]
[Round "2"]
[White "Tirri, Valerio"]
[Black "Arabito, Giuseppe"]
[Result "0-1"]
[WhiteElo "1682"]
[BlackElo "1901"]
[PlyCount "94"]
[EventDate "2009.05.30"]

1. e4 e5 2. Nf3 Nc6 3. Bb5 a6 4. Ba4 Nf6 5. d3 b5 6. Bb3 Be7 7. O-O O-O 8. c3
d5 9. Re1 dxe4 10. dxe4 Bb7 11. Bg5 Qxd1 12. Bxd1 Nd7 13. Bxe7 Nxe7 14. Nbd2
Rfd8 15. Bc2 c5 16. Nf1 f6 17. Rad1 Nb6 18. b3 Kf7 19. Ng3 Ke6 20. h4 a5 21. a3
g6 22. Nh2 Nc6 23. Ne2 b4 24. axb4 axb4 25. c4 Rxd1 26. Bxd1 Ra1 27. f3 Na5 28.
Kf2 Nd7 29. Nf1 f5 30. exf5+ gxf5 31. Nfg3 Ra2 32. Kf1 Nf6 33. Nc1 Rd2 34. Be2
f4 35. Nh1 Kd6 36. Rd1 Rxd1+ 37. Bxd1 e4 38. Nf2 Ke5 39. fxe4 Nxe4 40. Ncd3+
Kd4 41. Ke2 Nxf2 42. Nxf2 Bxg2 43. Ng4 Kc3 44. Nf6 Nxb3 45. Bxb3 Kxb3 46. Nxh7
Kc2 47. Nf6 b3 0-1

[Event "VI Open A"]
[Site "Viterbo ITA"]
[Date "2009.05.31"]
[Round "2"]
[White "Tomini, Marco"]
[Black "Pescatore, Lorenzo"]
[Result "1-0"]
[WhiteElo "2024"]
[BlackElo "1832"]
[PlyCount "143"]
[EventDate "2009.05.30"]

1. d3 d5 2. g3 g6 3. Bg2 Bg7 4. Nd2 e5 5. e4 Be6 6. Ne2 Ne7 7. O-O O-O 8. f4 f5
9. fxe5 Bxe5 10. Nf4 Bf7 11. exd5 Nxd5 12. Nxd5 Bxd5 13. Nf3 Bf6 14. c3 c6 15.
d4 Re8 16. Bf4 Nd7 17. Re1 Nb6 18. Rxe8+ Qxe8 19. b3 Bxf3 20. Qxf3 Nd5 21. Bd2
Qd7 22. Re1 Re8 23. Rxe8+ Qxe8 24. Qf2 Qd7 25. Qe2 Kf7 26. Qd3 Qd8 27. c4 Nc7
28. d5 cxd5 29. cxd5 Ne8 30. Qe3 Qb6 31. Qxb6 axb6 32. a4 Bd4+ 33. Kf1 Nd6 34.
Ke2 Kf6 35. Kd3 Be5 36. Be3 Nc8 37. Kc4 Ke7 38. d6+ Kd7 39. Bxb7 Nxd6+ 40. Kd5
Bc3 41. Bc6+ Kc7 42. Bf4 Bb4 43. h4 h5 44. Be8 Kd8 45. Bxg6 Ke7 46. Bxh5 Ne4
47. Bf3 Nc5 48. Bd6+ Kf6 49. Bxc5 Bxc5 50. a5 Bf2 51. a6 b5 52. g4 fxg4 53.
Bxg4 Ke7 54. Kc6 b4 55. h5 Be3 56. Kb7 Kf6 57. a7 Bxa7 58. Kxa7 Kg5 59. Bd1 Kf4
60. h6 Ke3 61. h7 Kd2 62. Bh5 Kc3 63. Bf7 Kb2 64. h8=Q+ Ka2 65. Qh2+ Ka3 66.
Qf4 Ka2 67. Qd4 Kb1 68. Bg6+ Ka2 69. Qc4 Ka3 70. Bb1 Kb2 71. Qc2+ Ka1 72. Qa2#
1-0

[Event "VI Open A"]
[Site "Viterbo ITA"]
[Date "2009.05.31"]
[Round "2"]
[White "Vargiu, Antonio"]
[Black "Calabrese, Maurizio"]
[Result "1-0"]
[WhiteElo "1841"]
[BlackElo "1529"]
[PlyCount "61"]
[EventDate "2009.05.30"]

1. e4 e5 2. Nf3 Nc6 3. Bc4 Nf6 4. d4 Nxd4 5. Nxe5 Bc5 6. Bxf7+ Kf8 7. Bc4 d6 8.
Nd3 Nxe4 9. O-O Be6 10. Bxe6 Nxe6 11. Qg4 N6g5 12. h4 Qf6 13. hxg5 Qg6 14. Nxc5
Nxc5 15. Nc3 Ne6 16. Be3 Re8 17. Qf3+ Kg8 18. Qd5 h6 19. gxh6 gxh6 20. Rae1 Rh7
21. Ne4 Rg7 22. Ng3 c6 23. Qf5 Nf8 24. Qxg6 Rxg6 25. Bd2 Rxe1 26. Rxe1 Kf7 27.
Nf5 Rf6 28. g4 h5 29. Re7+ Kg8 30. Nh6+ Kh8 31. Bc3 1-0

[Event "VI Open A"]
[Site "Viterbo ITA"]
[Date "2009.05.31"]
[Round "2"]
[White "Vuelban, Virgilio"]
[Black "Campomori, Bruno"]
[Result "1-0"]
[WhiteElo "2422"]
[BlackElo "1978"]
[PlyCount "71"]
[EventDate "2009.05.30"]

1. e4 e5 2. Nf3 Nc6 3. d4 exd4 4. Bc4 Be7 5. c3 d5 6. exd5 Na5 7. Qa4+ c6 8.
dxc6 Nxc6 9. Nxd4 Nf6 10. Nxc6 bxc6 11. O-O Bd7 12. Nd2 O-O 13. Nf3 Nd5 14. Qc2
Bf6 15. Bxd5 cxd5 16. Be3 Qc8 17. Qd2 Qb7 18. Bd4 Bxd4 19. Nxd4 Rab8 20. b4
Rbc8 21. Nb3 Bb5 22. Rfe1 Rfe8 23. Nc5 Qc6 24. h3 h6 25. Qd4 Bc4 26. a4 a6 27.
Re3 Rxe3 28. fxe3 Qg6 29. Qg4 Qxg4 30. hxg4 Rc7 31. Rd1 Kf8 32. Rd4 Ke7 33. e4
Kd6 34. exd5 Be2 35. Kf2 Re7 36. Ne4+ 1-0